Investigación de mercados (Registro nro. 9205)
[ vista simple ]
| 000 -Cabecera | |
|---|---|
| Campo de control de longitud fija | 00961ntm a22003977a 4500 |
| 005 - Fecha y hora de la última transacción | |
| Campo de control | 20240315145311.0 |
| 008 - Elementos de longitud fija--Información general | |
| Campo de control de longitud fija | 170403b xxu||||| |||| 00| 0 spa d |
| 020 ## - International Standard Book Number | |
| Número Internacional Estándar del Libro (ISBN) | 9786075228556 |
| 041 ## - Idioma | |
| Código de idioma | Español |
| 082 ## - Clasificación Decimal Dewey | |
| Número de clasificación | 658.83 M478i10 |
| 100 ## - Entrada principal--Autor personal | |
| Nombre personal | McDaniel Jr., Carl |
| 100 ## - Entrada principal--Autor personal | |
| Nombre personal | Gates, Roger |
| 9 (RLIN) | 41840 |
| 245 ## - Título propiamente dicho | |
| Título | Investigación de mercados |
| 250 ## - Edición | |
| Mención de edición | 10 edición |
| 260 ## - Pie de imprenta | |
| Lugar de publicación, distribución, etc. | México |
| 260 ## - Pie de imprenta | |
| Nombre del editor, distribuidor, etc. | Cengage Learning |
| 260 ## - Pie de imprenta | |
| Fecha de publicación, distribución, etc. | 2016 |
| 300 ## - Descripción física | |
| Extensión | 552 páginas |
| 650 ## - Materia general | |
| Temática (materia general) | INVESTIGACIÓN DE MERCADOS |
| 650 ## - Materia general | |
| Temática (materia general) | TOMA DE DECISIONES |
| 650 ## - Materia general | |
| Temática (materia general) | MARKETING |
| 650 ## - Materia general | |
| Temática (materia general) | ÉTICA |
| 650 ## - Materia general | |
| Temática (materia general) | CLIENTES EXTERNOS |
| 650 ## - Materia general | |
| Temática (materia general) | CLIENTES INTERNOS |
| 650 ## - Materia general | |
| Temática (materia general) | BIG DATA |
| 650 ## - Materia general | |
| Temática (materia general) | INVESTIGACIÓN CUALITATIVA |
| 650 ## - Materia general | |
| Temática (materia general) | GRUPOS DE ENFOQUE |
| 650 ## - Materia general | |
| Temática (materia general) | ENCUESTAS |
| 650 ## - Materia general | |
| Temática (materia general) | OBSERVACIÓN |
| 650 ## - Materia general | |
| Temática (materia general) | MEDICIÓN |
| 650 ## - Materia general | |
| Temática (materia general) | CUESTIONARIOS |
| 650 ## - Materia general | |
| Temática (materia general) | MUESTREO |
| 942 ## - Punto de acceso adicional KOHA | |
| Tipo de ítem KOHA | Libro |
| Fuente del sistema de clasificación o colocación | Dewey Decimal Classification |
| Signatura completa | Código de barras | Programa Académico | Tipo de ítem |
|---|---|---|---|
| 658.83 M478i10 | 22086 | Libro |